| 000 | 00491nam a22001697a 4500 | ||
|---|---|---|---|
| 003 | OSt | ||
| 005 | 20140311130134.0 | ||
| 008 | 130608t xxu||||| |||| 00| 0 eng d | ||
| 020 | _a1903296269 | ||
| 050 |
_aN 5630 _b.W873 1998 |
||
| 082 |
_aM 909.04916 _bW81 1998 |
||
| 245 |
_aThe Celts : _blife, myth and art / _cWood, Juliette |
||
| 260 |
_aUnited Kingdom : _bDuncan Baird Publishers Ltd., _cc1998. |
||
| 300 |
_a144 p. _b26 cm. _cill. : col. ; |
||
| 942 |
_2lcc _cBK _kM |
||
| 999 |
_c35471 _d35471 |
||